000 00303nam a2200133Ia 4500
003 OSt
005 20240205142801.0
008 170524s9999 xx 000 0 und d
020 _a9386418207
040 _cIIMT UNIVERSIY MEERUT
100 _aRAO- G.S.
245 0 _aDISCRETE MATHEMATICS
942 _2ddc
_c02
999 _c4061
_d4061